000 01029nam a2200217Ia 4500
999 _c53524
_d53524
001 20570
003 GE_BSU
005 20210222154747.0
008 181216s2011||||ge |||||||||||||| ||geo||
040 _cGE_BSU
041 _ageo
080 _a611(075.8) ხ-46
100 _aხეცურიანი, რამაზ
_9629
245 _aადამიანის ნორმალური ანატომია :
_b სახელმძღვანელო სამედიცინო უმაღლესი სკოლის სტუდენტათვის /
_c რამაზ ხეცურიანი ; სამეც.რედ. ასმათ შუკაკიძე.
264 _aთბილისი :
_bფავორიტი პრინტი,
_c2011.
300 _a338 გვ. :
_b სურ. ;
_c 23 სმ.
541 _h36 ლ.
653 _aადამიანის ნორმალური ანატომია
653 _aმედიცინა
942 _cBK
_2udc